zpět

Detail výsledku týmu

Gloria, Chrastava

Datum a čas kvízu

25.5 Celkem bodů Celkový počet nahraných bodů na tomto kvízu bez doplňovacích otázek.
1. Pořadí na kvízu Konečné umístění týmu na tomto kvízu.

Zaznamenané odpovědi

# Otázka Odpověď Body Výsledky
1. Část ulice u ruského velvyslan... Ukrajinských hrdinů 0
2. Obchod se suvenýry v rezidenci... C 0
3. Který český „mistr basů“ oslav... Karel Vágner 1
4. Jeden český státní podnik, kte... České dráhy 1
5. Jedna z nejlepších tenistek so... Ashleigh Bartyová 1
6. Budeme se zabývat pěti filmy,... Elijah Wood, Pán prstenů: Dvě věže 0.5
7. Film Mr. & Mrs. Smith, něk... B) John a Jane 1
8. Romantické drama Paní Bovaryov... Gustave Flaubert 1
9. Satirická komedie Zdeňka Podsk... C) Irena Kačírková 1
10. V roce 2009 vznikl animovaný f... Lišák 0